Science Quiz

Random Science or City Quiz

Elements named after cities Quiz Stats

 Plays Quiz not verified by Sporcle

Score 0/12 Timer 10:00
0 Plays Today
Number Element % Correct
97Berkelium
75.4%
39Yttrium
66.7%
68Erbium
61.4%
70Ytterbium
61.4%
110Darmstadtium
57.9%
65Terbium
52.6%
67Holmium
52.6%
71Lutetium
50.9%
105Dubnium
47.4%
38Strontium
42.1%
72Hafnium
40.4%
116Livermorium
40.4%

You're not logged in!

Compare scores with friends on all Sporcle quizzes.
OR
Log In

Sporcle TV

Today on Sporcle TV


Watch our educational content, quiz creation guides, and fun videos on Sporcle TV.

Show Comments

Extras

Created Dec 24, 2014ReportNominate
Tags:City Quiz, village

Top Quizzes Today


Score Distribution

Your Account Isn't Verified!

In order to create a playlist on Sporcle, you need to verify the email address you used during registration. Go to your Sporcle Settings to finish the process.

Report this User

Report this user for behavior that violates our Community Guidelines.

Details: